<?xml version="1.0" encoding="UTF-8"?>
<collection xmlns="http://www.loc.gov/MARC21/slim">
<record>
  <controlfield tag="001">4378</controlfield>
  <controlfield tag="005">20191220142338.0</controlfield>
  <datafield tag="037" ind1=" " ind2=" ">
    <subfield code="a">SEMIN-2019-0028</subfield>
  </datafield>
  <datafield tag="100" ind1=" " ind2=" ">
    <subfield code="a">Berghmans, D.</subfield>
  </datafield>
  <datafield tag="245" ind1=" " ind2=" ">
    <subfield code="a">EUI on Solar Orbiter</subfield>
  </datafield>
  <datafield tag="260" ind1=" " ind2=" ">
    <subfield code="c">2019</subfield>
  </datafield>
  <datafield tag="269" ind1=" " ind2=" ">
    <subfield code="c">2019-11-27</subfield>
  </datafield>
  <datafield tag="520" ind1=" " ind2=" ">
    <subfield code="a">The Solar Orbiter mission will be launched by NASA from Cape Caneveral on February 6.  Solar Orbiter is (probably) the most ambitous solar science mission by ESA in our lifetime. Solar Orbiter will travel to the inner heliosphere and observe the Sun from close-by and out of the ecliptic. The scientific payload consists of 6 remote sensing instruments and 4 in-situ instruments. Belgium (BELSPO) is the prime funding agency behind the Extreme Ultraviolet Imager (EUI) instrument. CSL in Liege coordinated the international consortium consisting of also IAS (France), MSSL (UK), PMOD (Switzerland), MPS (Germany) and ROB. At ROB we will become the Principal Investigator institute from January 1 2020 onwards. This presentation is a general introduction to Solar Orbiter and EUI, with a special focus on the expected data products and science. </subfield>
  </datafield>
  <datafield tag="594" ind1=" " ind2=" ">
    <subfield code="a">STCE</subfield>
  </datafield>
  <datafield tag="653" ind1="1" ind2=" ">
    <subfield code="a">Solar Orbiter</subfield>
  </datafield>
  <datafield tag="653" ind1="1" ind2=" ">
    <subfield code="a">EUI</subfield>
  </datafield>
  <datafield tag="773" ind1=" " ind2=" ">
    <subfield code="t">ROB</subfield>
  </datafield>
  <datafield tag="856" ind1="0" ind2=" ">
    <subfield code="f">david.berghmans@observatoire.be</subfield>
  </datafield>
  <datafield tag="856" ind1="4" ind2="2">
    <subfield code="a">http://solwww.oma.be/repositories/seminars/files/20191127_DavidBerghmans_EUI_SolarOrbiter_20191127-ROBseminar-EUI-DAB.key.pdf</subfield>
  </datafield>
  <datafield tag="856" ind1="4" ind2=" ">
    <subfield code="s">108046897</subfield>
    <subfield code="u">http://publi2-as.oma.be/record/4378/files/20191127-ROBseminar-EUI-DAB.key.pdf</subfield>
  </datafield>
  <datafield tag="856" ind1="4" ind2=" ">
    <subfield code="s">6226</subfield>
    <subfield code="u">http://publi2-as.oma.be/record/4378/files/20191127-ROBseminar-EUI-DAB.gif?subformat=icon</subfield>
    <subfield code="x">icon</subfield>
  </datafield>
  <datafield tag="856" ind1="4" ind2=" ">
    <subfield code="s">7342</subfield>
    <subfield code="u">http://publi2-as.oma.be/record/4378/files/20191127-ROBseminar-EUI-DAB.jpg?subformat=icon-180</subfield>
    <subfield code="x">icon-180</subfield>
  </datafield>
  <datafield tag="980" ind1=" " ind2=" ">
    <subfield code="a">SEMIN</subfield>
  </datafield>
</record>
</collection>